Statystyki dla Ile wiesz o Frizie

Kliknij tutaj aby rozwiązać quiz!

Ogólne statystyki

  • Ten quiz został rozwiązany 9 403 razy
  • Średni wynik to 6 z 7

Statystyki odpowiedzi

ZagadnienieOdpowiedź% Poprawnych
Jak Friz ma na imięKarol
99%
Kto opuścił ekipę FrizaMixer
96%
Gdzie mieszka FrizKraków
95%
W którym roku Friz założył Ekipę2018
80%
Dzięki której serii Friz zyskał popularność na YouTubePokemon Go
80%
Która piosenka Friza ma najwięcej wyświetleńYO MAMALE
74%
Który film na kanale Friza ma najwięcej wyświetleń (Nie licząc piosenek)Influencerzy bez cenzury (Film Dokumentalny)
73%

Rozkład punktacji

Percentyl według liczby udzielonych odpowiedzi

Procent ludzi z każdym wynikiem

Twoja historia wyników

Nie rozwiązałeś tego quizu